National economic recovery plan : (Record no. 1793)

000 -LEADER
fixed length control field nam a22 a 4500
003 - CONTROL NUMBER IDENTIFIER
control field AKMAL
005 - DATE AND TIME OF LATEST TRANSACTION
control field 20170512091324.0
008 - FIXED-LENGTH DATA ELEMENTS--GENERAL INFORMATION
fixed length control field 170512s1998 myw 00 eng d
020 ## - INTERNATIONAL STANDARD BOOK NUMBER
Terms of availability RM20.00 (pbk.)
040 ## - CATALOGING SOURCE
Original cataloging agency AKMAL
Transcribing agency AKMAL
043 ## - GEOGRAPHIC AREA CODE
Geographic area code a-my---
049 00 - LOCAL HOLDINGS (OCLC)
Holding library mal
082 04 - DEWEY DECIMAL CLASSIFICATION NUMBER
Classification number 338.9595 NAT
Edition number 21
090 00 - LOCALLY ASSIGNED LC-TYPE CALL NUMBER (OCLC); LOCAL CALL NUMBER (RLIN)
Classification number (OCLC) (R) ; Classification number, CALL (RLIN) (NR) 338.9595
Local cutter number (OCLC) ; Book number/undivided call number, CALL (RLIN) NAT
110 2# - MAIN ENTRY--CORPORATE NAME
Corporate name or jurisdiction name as entry element Majlis Tindakan Ekonomi Negara
9 (RLIN) 3706
245 10 - TITLE STATEMENT
Title National economic recovery plan :
Remainder of title agenda for action /
Statement of responsibility, etc. National Economic Action Council
260 ## - PUBLICATION, DISTRIBUTION, ETC.
Place of publication, distribution, etc. Kuala Lumpur :
Name of publisher, distributor, etc. Unit Perancang Ekonomi, Jabatan Perdana Menteri,
Date of publication, distribution, etc. 1998
300 00 - PHYSICAL DESCRIPTION
Extent xiii, 229p. ;
Dimensions 27cm
650 #0 - SUBJECT ADDED ENTRY--TOPICAL TERM
Topical term or geographic name entry element Economic stabilization
Geographic subdivision Malaysia
9 (RLIN) 3707
651 #0 - SUBJECT ADDED ENTRY--GEOGRAPHIC NAME
Geographic name Malaysia
General subdivision Economic policy
Chronological subdivision 21st century
9 (RLIN) 148
710 2# - ADDED ENTRY--CORPORATE NAME
Corporate name or jurisdiction name as entry element Jabatan Perdana Menteri.
Subordinate unit Unit Perancang Ekonomi
9 (RLIN) 504
710 2# - ADDED ENTRY--CORPORATE NAME
Corporate name or jurisdiction name as entry element National Economic Action Council
9 (RLIN) 3708
942 ## - ADDED ENTRY ELEMENTS (KOHA)
Source of classification or shelving scheme
Koha item type Book
Holdings
Withdrawn status Lost status Source of classification or shelving scheme Damaged status Not for loan Collection code Home library Current library Date acquired Inventory number Total Checkouts Full call number Barcode Date last seen Price effective from Koha item type
          NON-FICTION AKMAL Melaka AKMAL Melaka 12.05.2017 002994   338.9595 NAT 201705788 12.05.2017 12.05.2017 Book
          NON-FICTION AKMAL Melaka AKMAL Melaka 12.05.2017 002993   338.9595 NAT 201705789 12.05.2017 12.05.2017 Book
Pusat Sumber Maklumat Dato' Haji Sarmin Md Hussin, Akademi Kastam Diraja Malaysia, Melaka
Tel: 06-2331106 | Faks: 06-2313787